| 000 | 01288nam a2200397 c 4500 | ||
|---|---|---|---|
| 001 | 48312 | ||
| 003 | ES-MaCES | ||
| 005 | 20161007120539.0 | ||
| 008 | 161007s2016 sp 000 | spa d | ||
| 017 |
_aCO 1411-2016 _bDL |
||
| 020 | _a9788416776191 | ||
| 040 |
_aES-MaCES _bspa _cES-MaCES |
||
| 100 | 1 |
_915355 _aJáuregui, Fernando |
|
| 245 | 1 | 0 |
_aUniversidad y empleo _b: manual de instrucciones _cFernando Jáuregui, Lourdes Carmona, Esther Carrión ; [pr. de José Antonio Marina] |
| 260 |
_a[Córdoba] _bAlmuzara _c[2016] |
||
| 300 |
_a414 p. _bgráf. col, fot., il. bl. y n. _c24 cm |
||
| 490 | 1 | _aColección Economía | |
| 541 | _cCompra | ||
| 650 | 4 |
_auniversidad _927434 |
|
| 650 | 4 |
_amercado de trabajo _928292 |
|
| 650 | 4 |
_aempleo _928299 |
|
| 650 | 4 |
_aempleo de jóvenes _929982 |
|
| 650 | 4 |
_adesempleo de jóvenes _929983 |
|
| 650 | 4 |
_abúsqueda de empleo _927759 |
|
| 650 | 4 |
_ainserción profesional _929942 |
|
| 650 | 4 |
_asistema de valores _929392 |
|
| 650 | 4 |
_aencuesta _928856 |
|
| 650 | 4 |
_aEspaña _926964 |
|
| 653 | 1 | 0 | _aEmpleo |
| 700 | 1 |
_aCarmona, Lourdes _937391 |
|
| 700 | 1 |
_aCarrión, Esther _937392 |
|
| 700 | 1 |
_aMarina, José Antonio _epr. _917541 |
|
| 830 | 0 |
_aColección Economía _937389 |
|
| 902 | _aLIB Libro | ||
| 942 |
_2CES _cBK _h2.1. |
||
| 999 |
_c48312 _d48312 |
||